000
00326nam a22001457a 4500
003
SGT
082
_a
615.53
_b
G01B
100
_a
BABU,SURESH
245
_a
GERIATRICS IN AYURVEDA
260
_a
VARANASI
_b
CHAUKHAMBA PUB
_c
2001
300
_a
105
650
_a
AYURVEDA
653
_a
GERIATRICS, DISEASES,ROGA
942
_2
ddc
_c
BK
999
_c
16940
_d
16940